Nazionali che hanno segnato più gol ai Mondiali - Statistics

Statistiche generali
  • Questo quiz è stato fatto 59 volte
  • Il punteggio medio è 9 su 10
Statistiche sulle risposte
Continente Gol segnati Nazionale % Corretto
America del Sud 152 Argentina
100%
America del Sud 237 Brasile
100%
Europa 136 Francia
100%
Europa 232 Germania
100%
Europa 128 Italia
100%
Europa 108 Spagna
100%
America del Sud 89 Uruguay
91%
Europa 104 Inghilterra
89%
Europa 96 Paesi Bassi
81%
Europa 87 Ungheria
25%
Nessun quiz corrispondente trovato
Distribuzione punteggi
Percentuale di utenti per punteggio
Percentile per numero di risposta
I tuoi punteggi nel tempo
Non hai fatto questo quiz